Library Logo

Pioneer International University Library Catalogue

THE CARJACKERS (Record no. 9406)

MARC details
000 -LEADER
fixed length control field 00332nam a22001337a 4500
005 - DATE AND TIME OF LATEST TRANSACTION
control field 20250901165811.0
008 - FIXED-LENGTH DATA ELEMENTS--GENERAL INFORMATION
fixed length control field 250324b |||||||| |||| 00| 0 eng d
020 ## - INTERNATIONAL STANDARD BOOK NUMBER
International Standard Book Number 9789966805287
050 ## - LIBRARY OF CONGRESS CALL NUMBER
Classification number PZ7 .A74 2009
245 ## - TITLE STATEMENT
Title THE CARJACKERS
Statement of responsibility, etc. ARENSEN SHEL
260 ## - PUBLICATION, DISTRIBUTION, ETC.
Place of publication, distribution, etc. NAIROBI
Name of publisher, distributor, etc. WORDALIVE PUBLISHERS
Date of publication, distribution, etc. 2009
300 ## - PHYSICAL DESCRIPTION
Extent 111
942 ## - ADDED ENTRY ELEMENTS (KOHA)
Source of classification or shelving scheme Library of Congress Classification

No items available.